000 006630000a22001930004500
090 _aAR
_b01402
245 1 0 _aLife histories of Boodleopsis vaucherioidea sp. nov. And B. pusilla (<Caulerpales>) and their phylogenetic implications
650 1 4 _aFilogenética
_94310
650 1 4 _aAnálisis genético
_975159
650 1 4 _aMorfología
_992917
650 1 4 _aSistemática
_93510
653 _gBoodleopsis
_eBoodleopsis vaucherioidea
653 _gBoodleopsis
_eBoodleopsis pusilla
041 0 _aInglés
700 1 _aSchnetter, Reinhard
_994050
100 1 _aCalderón Sáez, Eduardo
_91494
942 _cARTICULO
773 1 _tPhycologia
_3508
_h4
_q476-490
_d1989
_g28
999 _c10487
_d10487